[Event "Ancona Ascoli Province-ch"]
[Site "Porto Sant Elpidio"]
[Date "2016.01.31"]
[Round "5"]
[White "Cappella, Leonardo"]
[Black "Ricci, Angelo"]
[Result "1-0"]
[WhiteElo "1649"]
[BlackElo "1445"]
[PlyCount "85"]
[EventDate "2016.01.29"]
[EventType "swiss"]
[EventRounds "5"]
[EventCountry "ITA"]
[SourceTitle "EXT 2018"]
[Source "ChessBase"]
[SourceDate "2017.10.13"]
[SourceVersion "1"]
[SourceVersionDate "2017.10.13"]
[SourceQuality "1"]

1. d4 Nf6 2. c4 c5 3. d5 d6 4. Nc3 e6 5. e4 exd5 6. cxd5 g6 7. f4 Bg7 8. Bb5+ Nbd7 9. e5 Qe7 10. Qe2 0-0 11. exf6 Qxf6 12. a4 Qd8 13. Qf2 Bd4 14. Qg3 Nf6 15. Nf3 Qe7+ 16. Kd1 Bxc3 17. bxc3 Nxd5 18. Bd2 Qf6 19. Rc1 a6 20. Bc4 Nb6 21. Bb3 c4 22. Bc2 Bd7 23. a5 Nd5 24. Nd4 Rfe8 25. Qg5 Qxg5 26. fxg5 Bg4+ 27. Ne2 Ne3+ 28. Bxe3 Rxe3 29. Kd2 Ree8 30. Ba4 Red8 31. Rb1 Rab8 32. Nd4 Be6 33. Rb6 Bd5 34. Nf3 Rbc8 35. Ra1 Rc5 36. Bd1 Bc6 37. h4 Re8 38. g3 Rd5+ 39. Nd4 Ree5 40. Bf3 Rxa5 41. Rxa5 Rxa5 42. Bxc6 bxc6 43. Rxc6 1-0

[Event "SEMI B003 corr"]
[Site "SEMI email"]
[Date "1999.??.??"]
[Round "?"]
[White "Squillante, Michele"]
[Black "Ricci, Angelo"]
[Result "1/2-1/2"]
[WhiteElo "1522"]
[BlackElo "1000"]
[PlyCount "100"]
[EventDate "1999.11.22"]
[EventType "tourn (corr)"]
[EventRounds "6"]
[EventCountry "ITA"]
[SourceTitle "Corr 2002"]
[Source "ChessBase"]
[SourceDate "2002.05.23"]
[SourceVersion "1"]
[SourceVersionDate "2002.05.23"]
[SourceQuality "1"]

1. d4 Nf6 2. Nf3 g6 3. Bg5 Bg7 4. Nbd2 d5 5. e3 0-0 6. Bd3 c5 7. c3 Nbd7 8. 0-0 b6 9. Qc2 Bb7 10. Rae1 Rc8 11. Bf4 Nh5 12. Be5 f6 13. Bg3 Nxg3 14. hxg3 e5 15. dxe5 Nxe5 16. Be2 Qc7 17. Rd1 Rcd8 18. Qa4 Nxf3+ 19. Nxf3 Rfe8 20. Bd3 a6 21. Qf4 Qe7 22. Rd2 f5 23. Bc2 b5 24. Rfd1 Rd6 25. g4 fxg4 26. Qxg4 a5 27. a4 b4 28. cxb4 axb4 29. Bb3 Red8 30. Qg5 Bf6 31. Qf4 Kh8 32. a5 d4 33. exd4 Bxf3 34. Qxf3 Rxd4 35. Rxd4 Bxd4 36. Rf1 Bxb2 37. a6 Bd4 38. Qf7 Qxf7 39. Bxf7 Kg7 40. Bc4 Bc3 41. f4 Bd4+ 42. Kh2 Re8 43. g3 Kf6 44. g4 h5 45. gxh5 gxh5 46. Kg3 Re3+ 47. Rf3 Re7 48. Kh4 Rh7 49. Be2 Bc3 50. Bd3 Be1+ 1/2-1/2